[Event "Izmir op 12th"]
[Site "Izmir"]
[Date "2013.09.07"]
[Round "8"]
[White "Ulas, Uygar"]
[Black "Salepci, Osman Firat"]
[Result "0-1"]
[WhiteElo "1471"]
[BlackElo "2103"]
[PlyCount "70"]
[EventDate "2013.09.01"]
[EventType "swiss"]
[EventRounds "9"]
[EventCountry "TUR"]
[SourceTitle "CBM 156 Extra"]
[Source "ChessBase"]
[SourceDate "2013.10.22"]
[SourceVersion "1"]
[SourceVersionDate "2013.10.22"]
[SourceQuality "1"]

1. d4 Nf6 2. c4 g6 3. g3 Bg7 4. Bg2 c5 5. d5 d6 6. Nc3 0-0 7. Nf3 e5 8. 0-0 Ne8 9. Ne1 f5 10. Nd3 g5 11. e4 f4 12. g4 h5 13. h3 hxg4 14. hxg4 Qf6 15. f3 Kf7 16. Kf2 Na6 17. a3 Bd7 18. Rh1 Qg6 19. b4 Nf6 20. bxc5 Nxc5 21. Nxc5 dxc5 22. a4 Rh8 23. Ba3 Rxh1 24. Bxh1 b6 25. Nb5 Qh7 26. Nd6+ Ke7 27. Nf5+ Bxf5 28. exf5 Qh2+ 29. Bg2 e4 30. d6+ Kd7 31. Ra2 Nxg4+ 32. fxg4 Bd4+ 33. Ke1 Qg1+ 34. Bf1 Qg3+ 35. Kd2 Qc3+ 0-1